The Individuality of Portugal : a study in historical-political geography
Αποθηκεύτηκε σε:
| Κύριος συγγραφέας: | |
|---|---|
| Μορφή: | Βιβλίο |
| Γλώσσα: | English |
| Δημοσίευση: |
New York :
Greenwood Press,
1969
|
| Θέματα: | |
| Ετικέτες: |
Προσθήκη ετικέτας
Δεν υπάρχουν, Καταχωρήστε ετικέτα πρώτοι!
|
MARC
| LEADER | 00000nam a2200000 i 4500 | ||
|---|---|---|---|
| 001 | 1/100176 | ||
| 008 | 000131s1969 eng d | ||
| 020 | |a 0-8371-2120-5 | ||
| 035 | |l 10057175 | ||
| 040 | |a GR-MY-UA |b gre |e aacr | ||
| 041 | 0 | |a eng | |
| 082 | 0 | |a 914.69 | |
| 100 | 1 | |a Stanislawski, Dan. | |
| 245 | 1 | 4 | |a The Individuality of Portugal : |b a study in historical-political geography / |c Dan Stanislawski |
| 260 | |a New York : |b Greenwood Press, |c 1969 | ||
| 300 | |a 248 p. |b fig. | ||
| 504 | |a Includes bibliographical references and index | ||
| 651 | 0 | |a Portugal |x History. | |
| 651 | 0 | |a Portugal |x Historical geography. | |
| 651 | 0 | |a Spain |x History. | |
| 651 | 0 | |a Spain |x Historical geography. | |
| 852 | |a INST |b LESVOS |e 20000131 |h 914.69 STA |p 005100021650 |q 005100021650 |t BK |y 0 | ||
| 901 | |a BIBL1-2000-1 | ||
| 909 | |a Λ |b 073334 | ||
| 922 | |a 1ΕΛΗ |b 200001 |c ΚΠΣ/ΤΓ |d LEADER | ||
| 950 | |a 118-1999-09-03 | ||
| 970 | |a ΜΟΥΣΤΑΚΑ |b ΠΗΝΕΛΟΠΗ |z 2000/02/15 | ||